A course in electrical engineering / (Record no. 14526)
[ view plain ]
| 000 -LEADER | |
|---|---|
| fixed length control field | 00942nam a2200277 a 4500 |
| 001 - CONTROL NUMBER | |
| control field | 14526 |
| 003 - CONTROL NUMBER IDENTIFIER | |
| rucl marc code | BD-RjUL |
| 005 - DATE AND TIME OF LATEST TRANSACTION | |
| control field | 20211208235638.0 |
| 008 - FIXED-LENGTH DATA ELEMENTS--GENERAL INFORMATION | |
| fixed length control field | 140206m19561952nyua 001 0 eng |
| 035 ## - SYSTEM CONTROL NUMBER | |
| System control number | (BD-RjUL)14579 |
| 040 ## - CATALOGING SOURCE | |
| Original cataloging agency | DLC |
| Transcribing agency | ODaWU |
| Modifying agency | OCoLC |
| -- | DLC |
| -- | BD-RjUL |
| Language of cataloging | eng |
| 041 ## - LANGUAGE CODE | |
| Language code of text/sound track or separate title | eng |
| 082 00 - DEWEY DECIMAL CLASSIFICATION NUMBER | |
| Classification number | 621.3 |
| Author mark and year | DAC 1956 |
| 100 1# - MAIN ENTRY--PERSONAL NAME | |
| Personal name | Dawes, Chester L. |
| Dates associated with a name | 1886- |
| 9 (RLIN) | 45305 |
| Fuller form of name | (Chester Laurens), |
| 245 12 - TITLE STATEMENT | |
| Title | A course in electrical engineering / |
| Statement of responsibility, etc. | by Chester L. Dawes. |
| Number of part/section of a work | Volume II : |
| Name of part/section of a work | Alternating currents. |
| 250 ## - EDITION STATEMENT | |
| Edition statement | 4th ed. |
| 260 ## - PUBLICATION, DISTRIBUTION, ETC. (IMPRINT) | |
| Place of publication, distribution, etc. | New York ; |
| -- | London : |
| Name of publisher, distributor, etc. | McGraw-Hill Book Company, inc., |
| Date of publication, distribution, etc. | 1952-1956. |
| 300 ## - PHYSICAL DESCRIPTION | |
| Pagination | V. : |
| Illustrations | illus., diagrs. ; |
| Size | 24 cm. |
| 490 0# - SERIES STATEMENT | |
| Series statement | Electrical engineering texts |
| 504 ## - BIBLIOGRAPHY, ETC. NOTE | |
| Bibliography, etc | Includes index. |
| 505 ## - FORMATTED CONTENTS NOTE | |
| Formatted contents note | Vol 1, Direct Currents --v. .2. Alternating Currents |
| 650 #0 - SUBJECT ADDED ENTRY--TOPICAL TERM | |
| Topical term or geographic name as entry element | Electrical engineering. |
| 9 (RLIN) | 45306 |
| 830 ## - SERIES ADDED ENTRY--UNIFORM TITLE | |
| Uniform title | Electrical engineering texts |
| 942 ## - ADDED ENTRY ELEMENTS (KOHA) | |
| Source of classification or shelving scheme | Dewey Decimal Classification |
| Koha item type | Books |
| Lost status | Source of classification or shelving scheme | Materials specified (bound volume or other part) | Damaged status | Not for loan | Collection code | Permanent Location | Current Location | Shelving location | Date acquired | Source of acquisition | Cost, normal purchase price | Total Checkouts | Full call number | Date last seen | Copy number | Koha item type |
|---|---|---|---|---|---|---|---|---|---|---|---|---|---|---|---|---|
| Dewey Decimal Classification | V-2 | Non-fiction | Central Library, University of Rajshahi | Central Library, University of Rajshahi | 27/07/1959 | McGraw Hill | 13.95 | 621.3 DAC 1956 V-2 | 06/02/2014 | C-1 | Books | |||||
| Dewey Decimal Classification | Non-fiction | Central Library, University of Rajshahi | Central Library, University of Rajshahi | 27/02/1959 | Mc Graw-hill | 13.95 | 621.3 DAC 1955 V-1 | 15/10/2018 | C-1 | Books | ||||||
| Dewey Decimal Classification | Non-fiction | Central Library, University of Rajshahi | Central Library, University of Rajshahi | 25/07/1959 | McGraw-Hill | 621.3 DAC 1956 V-2 | 03/03/2019 | C-2 | Books | |||||||
| Dewey Decimal Classification | Non-fiction | Central Library, University of Rajshahi | Central Library, University of Rajshahi | 17/10/2019 | 621.3 DAC V-1 1952 | 17/10/2019 | C-2 | Books |